| 000 | 00453nam a2200157 i 4500 | ||
|---|---|---|---|
| 001 | 44848 | ||
| 003 | ES-MaACL | ||
| 005 | 20230906161115.0 | ||
| 007 | t| | ||
| 008 | 030324s1977 sp ||||1| spa d | ||
| 100 | 1 |
_aClosa, Carlos. _939286 |
|
| 245 | 1 | 0 |
_aTecnología electrónica / _cC. Closa ; [traducción profesional 2º curso]. |
| 260 |
_aMadrid : _bParaninfo, _c1977. |
||
| 300 |
_a271 p. : _bil. ; _c24 cm. |
||
| 852 |
_aES-MaACL _jA-6667 _bR.95422 |
||
| 999 |
_c44848 _d44848 |
||